Gaming Quiz

Random Gaming or Video Games Quiz

Suikoden Trivia Quiz Stats

 Plays Quiz not verified by Sporcle

Challenge
Share
Tweet
Embed
Score 0/80 Timer 18:00
0 Plays Today
Question Answer % Correct
How many True Runes are there?27
94%
What is Flik's nickname?Blue Lightning
73.1%
Who are the two bearers of the Gate Rune?Leknaat and Windy
67.3%
What was the weapon that Tsai made for the Allied Army?Fire Spears
55.1%
What type of weapon does Riou use?Tonfa
50.1%
Riou and Jowy begin Suikoden II as members of which military unit?Unicorn Youth Brigade
49.6%
Who was Tir McDohl's Commanding Officer when he joined the Imperial Guard?Kraze Miles
47.5%
What is the name of Millie's pet groundhog?Bonaparte
47.3%
Who betrayed the Liberation Army and caused Mathiu Silverberg's death?Sanchez
46%
What was Gremio 'killed' by?Spores of Agony
45.2%
What is the area of Toran where the first Suikoden takes place?Scarlet Moon Empire
43.9%
Which two characters are recruitable in all five mainline Suikoden games?Viki and Jeane
43.3%
Who were the bearers of the Bright Shield and Black Sword Runes before Riou and Jowy?Genkaku and Han Cunningham
42.6%
Which special item allows a Hero to warp to and from his headquarters?Blinking Mirror
40%
What is the name of the ancient race whose ruins and artifacts can be found all over the world?Sindar
38.6%
Clive and Elza were members of which Harmonian organization?Howling Voice Guild
37%
Who was the mayor of South Window?Granmeyer
36.6%
What was the name of Emperor Barbarossa's deceased wife?Claudia
36%
Who was the lord of the Matilda Knightdom?Gorudo
35.8%
What item must Tir find in order to recruit Jabba?Nameless Urn
35.8%
Name one of the ingredients required to cure the dragons of their sleeping curse.Moonlight Weed, Black Dragon Orchid and Dragon's Liver
35.3%
Who does Sierra Mikain playfully pursue during the course of Suikoden II?Klaus Windamier
35%
What is the name of the ancestral sword of the Lepant family?Kirinji
34.8%
Who is the bearer of the True Earth Rune?Sasarai
34.7%
What item is usually required to recruit a Narcissist?Rose Brooch
34.2%
Georg Prime is known to have a sweet tooth for which dessert?Cheesecake
33.7%
What is the name of the dice game played by Tai Ho, Gaspar and Shilo?Chinchirorin
31.8%
Who guarded the Fortress of Kwaba?Ain Gide
30.8%
Who was the Falena Loyalist Army's chief tactician in Suikoden V?Lucretia Merces
30.3%
What weapon did Warlock invent?Rune Cannon
30.1%
What name was Karaya Clan warrior Jimba formerly known as?Wyatt Lightfellow
29.7%
What is the name of Luca Blight's elite company within the Highland Army?White Wolf Army
28.7%
Who is the High Priest of Harmonia?Hikusaak
27.1%
What unique rune does Jeane bear?Charm Rune
26.6%
What is the name of Mel's puppet?Branky
25.6%
What tragic event caused Mathiu Silverberg and Humphrey Mintz to leave the Imperial Army?Kalekka Massacre
25.3%
Lyon and Dolph were members of which group of assassins?Nether Gate
24.5%
What is the home of the Lizard Clan called?The Great Hollow
24%
What is the area in the south of Toran, famed for its wine?Kanakan
23.2%
What are Gijimu, Lo Wen and Koyu better known as?Lampdragon Bandits
23%
Question Answer % Correct
Who won Lymsleia's Sacred Games?Childerich
22.9%
Which three characters were imprisoned in Moravia Castle?Viktor, Warren and Vincent de Boule
21.2%
What was the fortress guarded by Kwanda Rosman?Pannu Yakuta
20.6%
Which two members of the Queen's Knights chose to side with the Godwin family?Zahhak and Alenia
20.4%
Who was Galleon formerly married to?Silva
20.4%
Sana, the lover of the Flame Champion, was the Chief of which Grasslands Clan?Chisha Clan
20.3%
Who is the Lord of Estrise?Boz Wilde
20.3%
Where does the final battle with Jowy take place?Tenzan Pass
20.1%
What is the name of the prestigious school located in Greenhill?New Leaf Academy
19.6%
What Dwarven weapon was used to destroy the Burning Mirror?Firewind Cannon
19.4%
Emily is the daughter of which two Suikoden characters?Ronnie Bell and Mose
18.5%
What was the name of the young boy who got lost on Mt. Rakutei?Kent
18%
From which character did Lorelai receive her halberd?Kirke
17.3%
What are the large flying insects that the warriors of Le Buque ride called?Mantors
17.3%
Which two characters in Suikoden V share the Tenfu Star?Euram Barows and Eresh
16.4%
Which two characters in Suikoden II share the Chikyu Star?Kasumi and Tomo
16.2%
What was the name of Luc's group in Suikoden III?The Destroyers
15.9%
What are Melville, Alanis and Elliot better known as?Saint Loa Knights
15.1%
What was the fortress on the southern border of the Kooluk Empire?Fort El-Eal
14.9%
Who could be found on Donut Island?Rene
14.9%
Which unique reusable item will heal all party members at once?Dragon Seal Incense
14.7%
Who fought against Emperor Barbarossa in the Succession War?Geil Rugner
14.4%
Who was the chief of the Lizard Clan who was murdered by Yuber?Zepon
14.4%
What is the name of the huge poisonous rose which protects Scarleticia Castle?Antoinette
13.9%
Which of the Six Grasslands Clans was completely wiped out by Harmonian forces?Safir Clan
13.3%
What is the name of the sword wielded by Emperor Barbarossa and Teo McDohl?Prakk
13%
What is the Knightly Order to which Mua belongs?Free Knights of Camaro
12.3%
What is the name of the drug which sends its user into a state of fury?Raging Nostrom
11.2%
Which part of the Islands Nations did Prince Falenas visit?Nirva Island
10.9%
What recipe was Hai Yo alleged to have stolen from the Black Dragon Clan?Blue Moon Bird Recipe
7.6%
Who founded the Warriors' Village?Klift the Crusader
7.5%
Where does the final battle against the Sun Rune Incarnation take place?Ashtwal Mountains
7.5%
What is the name of Linfa and Nifsara's secret society dedicated to protecting pretty boys?Secret Alliance for the Protection of Pretty Hunks In Real Endangerment
6.5%
What was the name of the ritual performed by graduates of the Gaien Marine Knights in Suikoden IV?Kindling Ceremony
6.3%
Ace authored the novel 'Erk's Adventures' under what pseudonym?Hitman Bravo
5.5%
What was the name of Kika's flagship?Grishend
5.2%
What was the name of the sea monster kept by Schtolteheim Reinbach II?Little Daisy
4.9%
What was the name of Thomas' father who made him the master of Budehuc Castle?Councilor Lowma
4.5%
What is the name of the card game played by Mike?Kabu
3.6%
What was the name of the front for the Cray Trading Company?Orark Maritime Trade
3.2%

You're not logged in!

Compare scores with friends on all Sporcle quizzes.
OR
Log In

You Might Also Like...

Show Comments

Extras

Top Quizzes Today


Score Distribution

Your Account Isn't Verified!

In order to create a playlist on Sporcle, you need to verify the email address you used during registration. Go to your Sporcle Settings to finish the process.

Report this User

Report this user for behavior that violates our Community Guidelines.

Details: